Miller and Freunds probability and statistics for engineers / (Record no. 185486)

MARC details
000 -LEADER
fixed length control field 00732nam a2200229Ia 4500
003 - CONTROL NUMBER IDENTIFIER
control field OSt
005 - DATE AND TIME OF LATEST TRANSACTION
control field 20220718114054.0
008 - FIXED-LENGTH DATA ELEMENTS--GENERAL INFORMATION
fixed length control field 210716s2002 xx 000 0 und d
020 ## - INTERNATIONAL STANDARD BOOK NUMBER
International Standard Book Number 8178085291
040 ## - CATALOGING SOURCE
Transcribing agency AIMIT LIBRARY
041 ## - LANGUAGE CODE
Language code of text/sound track or separate title eng
082 ## - DEWEY DECIMAL CLASSIFICATION NUMBER
Classification number 519.2
Edition number 6
Item number JOHR
100 ## - MAIN ENTRY--PERSONAL NAME
Personal name Johnson, Richard A.
9 (RLIN) 50575
245 ## - TITLE STATEMENT
Title Miller and Freunds probability and statistics for engineers /
Statement of responsibility, etc. By Richard A Johnson.
250 ## - EDITION STATEMENT
Edition statement 6th ed.
260 ## - PUBLICATION, DISTRIBUTION, ETC.
Place of publication, distribution, etc. New Delhi :
Name of publisher, distributor, etc. Pearson Education ,
Date of publication, distribution, etc. 2002.
300 ## - PHYSICAL DESCRIPTION
Extent xii,622p. ;
Dimensions 24 cm.
650 ## - SUBJECT ADDED ENTRY--TOPICAL TERM
Topical term or geographic name entry element Inferences concerning variances
9 (RLIN) 50576
650 ## - SUBJECT ADDED ENTRY--TOPICAL TERM
Topical term or geographic name entry element Sampling distribution
9 (RLIN) 50577
650 ## - SUBJECT ADDED ENTRY--TOPICAL TERM
Topical term or geographic name entry element Applications to reliability and life testing
9 (RLIN) 50578
942 ## - ADDED ENTRY ELEMENTS (KOHA)
Source of classification or shelving scheme Dewey Decimal Classification
Koha item type Book
Edition 6th
Call number prefix 519.2 JOHR
Holdings
Withdrawn status Lost status Source of classification or shelving scheme Damaged status Not for loan Collection code Home library Current library Total Checkouts Full call number Barcode Date last seen Price effective from Koha item type
    Dewey Decimal Classification     MCA St Aloysius Institute of Management & Information Technology St Aloysius Institute of Management & Information Technology   519.2 JOHR MCA04994 07/21/2025 07/16/2021 Book